000 00447nmm a2200157Ia 4500
008 251105s9999||||xx |||||||||||||||||und||
041 _aspa
100 _aEsslemont, J. E.
245 0 _aLa noche de los cuchillos
264 _a[Madrid, España] :
_bLa Factoría de Ideas,
_c2012
300 _a0 páginas
490 _aFantasía
650 _aScience fiction & Fantasy
856 _uhttps://public.digitaliapublishing.com/a/25132
942 _cCF
999 _c99330
_d99330